000 01011nam a22003017a 4500
001 BR9705559
003 BR-BrBNA
005 20230928095800.0
007 ta
008 230509b bl.||||| |||| 00| 0 por d
040 _aBR-BrBNA
_bpor
_cBiblioteca Nacional de Agricultura
041 _a(Por)
072 _aL02; L53
_b5250
090 _ 5250 BR9705559
100 1 _aMaia, M. da S.
110 1 _aUniversidade Federal Rural de Pernambuco, Recife (Brasil)
_0Tese (Mestre em Medicina Veterinaria)
245 1 _aInfluencia do tipo de amamentacao sobre a atividade ovariana pos-parto de cabras caninde e sobre o desempenho dos cabritos, no semi-arido do Rio Grande do Norte
260 3 _aRecife, PE (Brasil):
_c1996.
300 _a112 p.
500 _aBibliography p. 91-107; 9 tables; 5 illus.; Summaries (Eng, Por)
650 _aCabra
650 _aCabrito
650 _aAleitamento
650 _aParto
650 _aEficiencia Reprodutiva
909 _a202309
_bLucia
_c55
_dLucia Elande
942 _cBK
999 _c58629
_d58629